[Event "16th Capablanca Memorial group B"]
[Site "Cienfuegos CUB"]
[Date "1980.06.01"]
[Round "9"]
[White "Vilela de Acuna, Jose Luis"]
[Black "Ftacnik, Lubomir"]
[Result "1-0"]
[WhiteElo "2410"]
[BlackElo "2470"]
[EventDate "1980.05.20"]
[PlyCount "77"]

1.c4 c5 2.Nf3 Nf6 3.Nc3 e6 4.e3 d5 5.d4 Nc6 6.cxd5 exd5 7.Be2 cxd4 8.Nxd4 
Bd6 9.O-O O-O 10.Bf3 Be5 11.Nce2 Qd6 12.g3 Bh3 13.Bg2 Bxg2 14.Kxg2 Ne4 15.
b3 Nxd4 16.Nxd4 Rac8 17.Bb2 Qa6 18.Re1 Nc5 19.Re2 Nd3 20.Rd2 Nxb2 21.Rxb2 
Rc5 22.Rd2 Rfc8 23.Qh5 Qa5 24.Rad1 Bxd4 25.Rxd4 g6 26.Qh6 Qxa2 27.Rh4 Qa6 
28.Qxh7+ Kf8 29.Rxd5 Rxd5 30.Qh8+ Ke7 31.Qxc8 Qc6 32.Re4+ Kd6 33.Qb8+ Kd7 
34.Qe8+ Kc7 35.Qxf7+ Kb6 36.Qe6 Qxe6 37.Rxe6+ Kc7 38.Re4 b5 39.b4 1-0

[Event "16th Capablanca Memorial group B"]
[Site "Cienfuegos CUB"]
[Date "1980.06.02"]
[Round "10"]
[White "Armas, Jorge"]
[Black "Groszpeter, Attila"]
[Result "0-1"]
[WhiteElo "2415"]
[BlackElo "2480"]
[EventDate "1980.05.20"]
[PlyCount "78"]

1.e4 c5 2.Ne2 d6 3.Nbc3 Nf6 4.g3 Nc6 5.Bg2 g6 6.O-O Bg7 7.h3 O-O 8.d3 Rb8 
9.f4 Bd7 10.Be3 b5 11.Qd2 b4 12.Nd1 Qc8 13.f5 Ne5 14.g4 h5 15.gxh5 Nxh5 
16.Bh6 f6 17.Bxg7 Nxg7 18.fxg6 Nxg6 19.Rf3 Kf7 20.Nf2 Rh8 21.Rf1 Nh4 22.
Re3 Nxg2 23.Kxg2 Qg8 24.Rg3 Qh7 25.Nf4 Nh5 26.Nxh5 Qxh5 27.Rg1 Rbg8 28.Kh2
Qe5 29.b3 Rg6 30.Qe3 Rhg8 31.Qf3 a5 32.Rg2 a4 33.Rg1 a3 34.Rg2 Be6 35.Rg1 
Rxg3 36.Rxg3 Rxg3 37.Qxg3 Qb2 38.Qh4 Qxc2 39.Kg3 Kg7 0-1

[Event "16th Capablanca Memorial group B"]
[Site "Cienfuegos CUB"]
[Date "1980.06.02"]
[Round "10"]
[White "Diaz Diaz, Joaquin"]
[Black "Andres Mendez, Miguel"]
[Result "0-1"]
[WhiteElo "2400"]
[BlackElo "2345"]
[EventDate "1980.05.20"]
[PlyCount "50"]

1.e4 c5 2.Nf3 Nc6 3.d4 cxd4 4.Nxd4 g6 5.Nc3 Bg7 6.Be3 Nf6 7.Bc4 O-O 8.Bb3 
d6 9.h3 Bd7 10.O-O Na5 11.Qd3 a6 12.Rad1 b5 13.a3 Rc8 14.f4 Nc4 15.Bc1 Qb6
16.Kh2 e5 17.Nde2 exf4 18.Nxf4 Bc6 19.Bxc4 bxc4 20.Qxd6 Rcd8 21.Nfd5 Nxd5 
22.Nxd5 Rxd6 23.Nxb6 Rxd1 24.Rxd1 c3 25.bxc3 Bxc3 0-1

[Event "16th Capablanca Memorial group B"]
[Site "Cienfuegos CUB"]
[Date "1980.06.02"]
[Round "10"]
[White "Estevez Morales, Guillermo"]
[Black "Remon Gay, Adelquis"]
[Result "0-1"]
[WhiteElo "2390"]
[BlackElo "2395"]
[EventDate "1980.05.20"]
[PlyCount "68"]

1.e4 c5 2.Nf3 Nc6 3.Bb5 g6 4.O-O Bg7 5.Re1 Nf6 6.e5 Nd5 7.b3 O-O 8.Bb2 Nc7
9.Bxc6 dxc6 10.d3 Be6 11.Nbd2 h6 12.Ne4 b6 13.Qe2 Nd5 14.Rad1 Qc7 15.g3 
Bg4 16.c4 Nb4 17.Kg2 Bxe5 18.Bxe5 Bxf3+ 19.Qxf3 Qxe5 20.Re2 Rad8 21.a3 Na6
22.Rde1 Qf5 23.Qe3 Kg7 24.f4 Nc7 25.Nf2 Ne6 26.Qd2 Nd4 27.Re5 Qc8 28.Rxe7 
Rd7 29.b4 cxb4 30.Qe3 Kg8 31.Qe5 Rxe7 32.Qxe7 bxa3 33.Ne4 Qd8 34.Qxa3 Nc2 
0-1

[Event "16th Capablanca Memorial group B"]
[Site "Cienfuegos CUB"]
[Date "1980.06.02"]
[Round "10"]
[White "Knaak, Rainer"]
[Black "Vilela de Acuna, Jose Luis"]
[Result "1/2-1/2"]
[WhiteElo "2535"]
[BlackElo "2410"]
[EventDate "1980.05.20"]
[PlyCount "50"]

1.d4 Nf6 2.c4 e6 3.Nc3 Bb4 4.e3 c5 5.Bd3 Nc6 6.Nf3 Bxc3+ 7.bxc3 d6 8.e4 e5
9.d5 Ne7 10.Nd2 Ng6 11.g3 Bh3 12.f3 h5 13.Nf1 Qa5 14.Bd2 h4 15.Ne3 Bd7 16.
Kf2 hxg3+ 17.hxg3 Rxh1 18.Qxh1 O-O-O 19.Nf5 Rh8 20.Qc1 Bxf5 21.exf5 e4 22.
fxg6 exd3 23.gxf7 Qc7 24.Qh1 Qd8 25.Qg2 Qe7 {...} 1/2-1/2

[Event "16th Capablanca Memorial group B"]
[Site "Cienfuegos CUB"]
[Date "1980.06.02"]
[Round "10"]
[White "Ortega, Lexy"]
[Black "Ftacnik, Lubomir"]
[Result "0-1"]
[WhiteElo "2380"]
[BlackElo "2470"]
[EventDate "1980.05.20"]
[PlyCount "77"]

1.c4 e5 2.Nc3 d6 3.d4 Nd7 4.Nf3 g6 5.e4 Bg7 6.Be2 Ne7 7.h4 h5 8.d5 O-O 9.
Ng5 Nf6 10.f3 c6 11.Be3 Ne8 12.g4 f6 13.Nh3 hxg4 14.fxg4 a6 15.Qd2 Bd7 16.
O-O-O b5 17.dxc6 Bxc6 18.c5 Rf7 19.h5 Qa5 20.hxg6 Nxg6 21.Nd5 Qxa2 22.Bd3 
dxc5 23.Bxc5 Rc8 24.b4 Qxd2+ 25.Kxd2 Bf8 26.Bxf8 Nxf8 27.Rc1 Nd6 28.Nf2 
Ne6 29.Rc3 Nd4 30.Ke3 Bb7 31.Rxc8+ Bxc8 32.Rc1 Bb7 33.Rc5 Ne6 34.Rc1 Kg7 
35.Rc2 Rf8 36.Nc7 Nd4 37.Rc5 Kg6 38.Nd5 Rf7 39.Rc1 0-1

[Event "16th Capablanca Memorial group B"]
[Site "Cienfuegos CUB"]
[Date "1980.06.02"]
[Round "10"]
[White "Zapata Ramirez, Alonso"]
[Black "Nogueiras Santiago, Jesus"]
[Result "1/2-1/2"]
[WhiteElo "2410"]
[BlackElo "2455"]
[EventDate "1980.05.20"]
[PlyCount "92"]

1.e4 e6 2.d4 d5 3.Nd2 c5 4.exd5 exd5 5.Bb5+ Nc6 6.Ngf3 Bd6 7.O-O Ne7 8.
dxc5 Bxc5 9.Nb3 Bb6 10.Nfd4 O-O 11.Re1 Bd7 12.Bg5 f6 13.Be3 Rf7 14.Nxc6 
bxc6 15.Bd3 Ng6 16.c4 Ne5 17.cxd5 cxd5 18.Bxb6 axb6 19.Bc2 Rc8 20.Nd4 Nc4 
21.b3 Nd6 22.Qf3 Bc6 23.Nxc6 Rxc6 24.Rac1 Qc7 25.Qxd5 g6 26.Qd2 Kg7 27.Bd3
Rd7 28.Qe3 Rc3 29.Rxc3 Qxc3 30.f3 Ra7 31.Bb1 Qb4 32.Rd1 Rc7 33.h4 Nf7 34.
Be4 Ne5 35.h5 gxh5 36.Qf4 Qc5+ 37.Kh2 Ng6 38.Qf5 Qe3 39.Rd6 Rf7 40.Rd3 Qe1
41.Rd5 h4 42.Qg4 Rc7 43.Rd7+ Rxd7 44.Qxd7+ Kh6 45.Qg4 f5 46.Bxf5 Qe5+ 
1/2-1/2

[Event "16th Capablanca Memorial group B"]
[Site "Cienfuegos CUB"]
[Date "1980.06.03"]
[Round "11"]
[White "Ftacnik, Lubomir"]
[Black "Knaak, Rainer"]
[Result "1-0"]
[WhiteElo "2470"]
[BlackElo "2535"]
[EventDate "1980.05.20"]
[PlyCount "81"]

1.d4 Nf6 2.Nf3 g6 3.c4 Bg7 4.Nc3 O-O 5.e4 d6 6.Be2 Nbd7 7.O-O e5 8.Qc2 c6 
9.Rd1 Qe7 10.d5 a5 11.a3 Ne8 12.Bg5 f6 13.Bd2 f5 14.b4 Ndf6 15.bxa5 fxe4 
16.Ng5 e3 17.Bxe3 Ng4 18.Bxg4 Bxg4 19.f3 Bf5 20.Qd2 Bh6 21.Nce4 cxd5 22.
cxd5 Bxe4 23.fxe4 Ng7 24.Rab1 Rac8 25.Rdc1 Qd7 26.h3 Bxg5 27.Bxg5 Nh5 28.
Kh2 Rxc1 29.Rxc1 Nf4 30.Bh6 Ra8 31.Rf1 Qa4 32.Qb2 Qd7 33.Qd2 Nh5 34.g3 Qe7
35.Qf2 Rc8 36.Kg2 Ra8 37.Rc1 Rd8 38.Rc3 Ra8 39.Qc2 Rd8 40.Rc7 Rd7 41.Rc8+ 
1-0

[Event "16th Capablanca Memorial group B"]
[Site "Cienfuegos CUB"]
[Date "1980.06.03"]
[Round "11"]
[White "Groszpeter, Attila"]
[Black "Estevez Morales, Guillermo"]
[Result "1-0"]
[WhiteElo "2390"]
[BlackElo "2480"]
[EventDate "1980.05.20"]
[PlyCount "77"]

1.d4 Nf6 2.Nc3 d5 3.Bg5 Nbd7 4.Nf3 e6 5.e4 dxe4 6.Nxe4 Be7 7.Nxf6+ Bxf6 8.
h4 h6 9.Be3 b6 10.Bc4 Bb7 11.Qe2 Qe7 12.O-O-O O-O-O 13.Ba6 Kb8 14.Bxb7 
Kxb7 15.Bf4 g5 16.Bg3 c6 17.Rd3 Nb8 18.hxg5 hxg5 19.Rhd1 Rd7 20.Ne5 Bxe5 
21.Bxe5 f6 22.Bg3 Rhd8 23.c3 Qf7 24.b3 Na6 25.Rf3 Qe7 26.Re1 e5 27.Qb2 Qe6
28.Qc2 Qd6 29.Kb2 g4 30.Rf5 Qe7 31.Bh4 Qh7 32.Bxf6 exd4 33.Bxd4 Nc7 34.
Rfe5 Qh6 35.Re7 Nb5 36.R1e6 Nxd4 37.cxd4 Qf4 38.Rxd7+ Rxd7 39.Qxc6+ 1-0

[Event "16th Capablanca Memorial group B"]
[Site "Cienfuegos CUB"]
[Date "1980.06.03"]
[Round "11"]
[White "Nogueiras Santiago, Jesus"]
[Black "Diaz Diaz, Joaquin"]
[Result "1-0"]
[WhiteElo "2455"]
[BlackElo "2400"]
[EventDate "1980.05.20"]
[PlyCount "51"]

1.d4 Nf6 2.c4 e6 3.Nf3 b6 4.g3 Bb7 5.Bg2 Be7 6.O-O O-O 7.d5 exd5 8.Nd4 Ne4
9.Nc3 Nxc3 10.bxc3 Nc6 11.cxd5 Na5 12.e4 c6 13.Nf5 cxd5 14.Qg4 g6 15.exd5 
d6 16.Bh6 Re8 17.Rfe1 Bf8 18.Bxf8 Rxe1+ 19.Rxe1 Qxf8 20.Ne7+ Kh8 21.Qf4 
Qg7 22.Rc1 Rd8 23.Nc6 g5 24.Qb4 Bxc6 25.dxc6 f6 26.Re1 1-0

[Event "16th Capablanca Memorial group B"]
[Site "Cienfuegos CUB"]
[Date "1980.06.03"]
[Round "11"]
[White "Remon Gay, Adelquis"]
[Black "Ortega, Lexy"]
[Result "1-0"]
[WhiteElo "2395"]
[BlackElo "2380"]
[EventDate "1980.05.20"]
[PlyCount "117"]

1.d4 Nf6 2.c4 c5 3.d5 e6 4.Nc3 exd5 5.cxd5 d6 6.e4 g6 7.f4 Bg7 8.Bb5+ Nfd7
9.Bd3 O-O 10.Nf3 Re8 11.O-O Nf6 12.a4 c4 13.Bc2 Bg4 14.h3 Bxf3 15.Qxf3 
Nbd7 16.Be3 a6 17.a5 Qc7 18.Kh1 Nc5 19.Bg1 Nfd7 20.Bh2 b5 21.axb6 Qxb6 22.
Ra2 Nb3 23.Bg1 Qb7 24.Qd1 Ndc5 25.Re1 a5 26.Na4 Nxa4 27.Rxa4 Qb5 28.Ra2 a4
29.h4 Rec8 30.h5 c3 31.hxg6 hxg6 32.e5 dxe5 33.f5 Rc4 34.fxg6 fxg6 35.bxc3
Rh4+ 36.Bh2 e4 37.g3 Rh5 38.Rxe4 Rf8 39.Bd3 Rxd5 40.c4 Rxd3 41.Qxd3 Qc6 
42.Qd5+ Qxd5 43.cxd5 Rd8 44.Rexa4 Rxd5 45.Rb4 Rd1+ 46.Kg2 Rd2+ 47.Rxd2 
Nxd2 48.Bg1 Bf8 49.Rb7 Ne4 50.Kf3 Nd6 51.Rd7 Nf7 52.Ke4 Bd6 53.Bf2 Bf8 54.
Kd5 Bg7 55.Be3 Nh8 56.Ke6 Bc3 57.g4 Bg7 58.g5 Bc3 59.Bb6 1-0

[Event "16th Capablanca Memorial group B"]
[Site "Cienfuegos CUB"]
[Date "1980.06.03"]
[Round "11"]
[White "Sisniega Campbell, Marcel"]
[Black "Armas, Jorge"]
[Result "0-1"]
[WhiteElo "2420"]
[BlackElo "2415"]
[EventDate "1980.05.20"]
[PlyCount "104"]

1.Nf3 d5 2.g3 Nf6 3.Bg2 e6 4.O-O Be7 5.c4 O-O 6.b3 b6 7.Bb2 Bb7 8.e3 c5 9.
d3 Nbd7 10.Qe2 Qc7 11.Nbd2 Rad8 12.Rfd1 Rfe8 13.Rac1 Qb8 14.cxd5 Nxd5 15.
e4 Nb4 16.a3 Nc6 17.e5 Nf8 18.h4 Rd7 19.Ne4 Ng6 20.Nf6+ gxf6 21.exf6 Bd8 
22.h5 e5 23.hxg6 hxg6 24.b4 Nd4 25.Nxd4 cxd4 26.Rc6 Bxc6 27.Bxc6 Qd6 28.b5
Bxf6 29.Qf3 Bg7 30.Kg2 Rc8 31.Bxd7 Qxd7 32.a4 Qf5 33.Rc1 Qxf3+ 34.Kxf3 
Rxc1 35.Bxc1 f5 36.Bg5 Bf8 37.Bd8 Bd6 38.a5 bxa5 39.Bxa5 Kf7 40.b6 a6 41.
b7 Ke6 42.g4 Kd5 43.gxf5 gxf5 44.Bb4 Bb8 45.Kg3 e4+ 46.Kh4 exd3 47.Kg5 Ke4
48.Bd2 Kf3 49.Kxf5 Ke2 50.Bf4 d2 51.Bxd2 Kxd2 52.Ke4 d3 0-1

[Event "16th Capablanca Memorial group B"]
[Site "Cienfuegos CUB"]
[Date "1980.06.03"]
[Round "11"]
[White "Vilela de Acuna, Jose Luis"]
[Black "Zapata Ramirez, Alonso"]
[Result "0-1"]
[WhiteElo "2410"]
[BlackElo "2410"]
[EventDate "1980.05.20"]
[PlyCount "88"]

1.c4 g6 2.d4 Bg7 3.Nc3 d6 4.e4 Nf6 5.Be2 O-O 6.Nf3 e5 7.O-O Nbd7 8.Re1 c6 
9.Bf1 exd4 10.Nxd4 Ng4 11.h3 Qb6 12.hxg4 Qxd4 13.Be3 Qe5 14.Qd2 Qe7 15.
Rad1 Ne5 16.f3 Be6 17.b3 Rad8 18.Bg5 f6 19.Be3 Rd7 20.Qf2 b6 21.Re2 Kh8 
22.Qh4 Rg8 23.Red2 Qd8 24.Ne2 Bf8 25.Nd4 Bf7 26.Qg3 g5 27.Nf5 Be6 28.Qf2 
Bxf5 29.exf5 h5 30.gxh5 g4 31.f4 g3 32.Qe1 Ng4 33.Qxg3 Qe8 34.Bd4 Qxh5 35.
Be2 Rh7 36.Bxg4 Rxg4 37.Bxf6+ Kg8 38.Qf3 Qh2+ 39.Kf2 Rxf4 40.Rd3 d5 41.Bd4
Rh3 42.cxd5 cxd5 43.f6 Rhxf3+ 44.Rxf3 Qh4+ 0-1

[Event "16th Capablanca Memorial group B"]
[Site "Cienfuegos CUB"]
[Date "1980.06.04"]
[Round "12"]
[White "Armas, Jorge"]
[Black "Andres Mendez, Miguel"]
[Result "1/2-1/2"]
[WhiteElo "2415"]
[BlackElo "2345"]
[EventDate "1980.05.20"]
[PlyCount "22"]

1.e4 c5 2.Nf3 Nc6 3.d4 cxd4 4.Nxd4 g6 5.f4 Bg7 6.Nf3 d6 7.Bd3 Nf6 8.Nc3 
O-O 9.O-O b5 10.Qe1 Nb4 11.Kh1 Nxd3 1/2-1/2

[Event "16th Capablanca Memorial group B"]
[Site "Cienfuegos CUB"]
[Date "1980.06.04"]
[Round "12"]
[White "Estevez Morales, Guillermo"]
[Black "Sisniega Campbell, Marcel"]
[Result "0-1"]
[WhiteElo "2390"]
[BlackElo "2420"]
[EventDate "1980.05.20"]
[PlyCount "56"]

1.d4 Nf6 2.c4 e6 3.Nf3 b6 4.a3 Ba6 5.e3 Be7 6.Nc3 O-O 7.Be2 d5 8.O-O dxc4 
9.Ne5 b5 10.Rb1 Bb7 11.Bf3 Nd5 12.Nxb5 f6 13.Nxc4 Ba6 14.Qb3 Nd7 15.Na5 
Nb8 16.Nc4 Nc6 17.Qa4 Bb7 18.Bd2 Qd7 19.Rfc1 Rfd8 20.Na5 Nb6 21.Qb3 Nxa5 
22.Bxa5 Bxf3 23.Rxc7 Qe8 24.Qxe6+ Kh8 25.gxf3 Qg6+ 26.Qg4 Qxb1+ 27.Kg2 Bf8
28.Nc3 Qg6 0-1

[Event "16th Capablanca Memorial group B"]
[Site "Cienfuegos CUB"]
[Date "1980.06.04"]
[Round "12"]
[White "Ortega, Lexy"]
[Black "Knaak, Rainer"]
[Result "0-1"]
[WhiteElo "2380"]
[BlackElo "2535"]
[EventDate "1980.05.20"]
[PlyCount "82"]

1.c4 e5 2.Nc3 Nc6 3.Nf3 f5 4.d4 e4 5.Ng5 h6 6.Nh3 g5 7.e3 Nf6 8.Be2 Bg7 9.
f3 exf3 10.gxf3 d6 11.Nf2 Ne7 12.h4 Ng6 13.hxg5 hxg5 14.Rxh8+ Bxh8 15.Bd2 
Nh4 16.Qb3 Ng2+ 17.Kd1 Qe7 18.Nd5 Nxd5 19.cxd5 Kf7 20.Qd3 Bd7 21.Rc1 Kg6 
22.e4 Rc8 23.Kc2 c5 24.Rg1 cxd4+ 25.Kb1 Ne3 26.f4 Kf7 27.Rxg5 Bf6 28.Rh5 
Bg7 29.Bxe3 dxe3 30.Qxe3 Qf6 31.Qd2 Kg8 32.Rg5 Ba4 33.e5 dxe5 34.b3 Bd7 
35.Qb2 Kf8 36.Qa3+ Kg8 37.Qb2 Qh6 38.Rg1 e4 39.Bc4 b5 40.Be2 Kh8 41.Qd2 
Qf6 0-1

[Event "16th Capablanca Memorial group B"]
[Site "Cienfuegos CUB"]
[Date "1980.06.04"]
[Round "12"]
[White "Remon Gay, Adelquis"]
[Black "Groszpeter, Attila"]
[Result "0-1"]
[WhiteElo "2395"]
[BlackElo "2480"]
[EventDate "1980.05.20"]
[PlyCount "64"]

1.d4 Nf6 2.c4 e6 3.Nc3 Bb4 4.e3 O-O 5.Bd3 c5 6.Nf3 d5 7.O-O dxc4 8.Bxc4 
cxd4 9.exd4 b6 10.Qe2 Bb7 11.Bg5 Bxc3 12.bxc3 Nbd7 13.Rac1 Qc7 14.Bxf6 
Bxf3 15.gxf3 Nxf6 16.Bb3 Rac8 17.Kh1 Rfd8 18.Rg1 Nd5 19.c4 Qf4 20.cxd5 
Rxc1 21.dxe6 Rxg1+ 22.Kxg1 fxe6 23.Bxe6+ Kh8 24.d5 Rf8 25.Kg2 h5 26.Qd3 
Rf6 27.h3 b5 28.Bd7 b4 29.Ba4 Qg5+ 30.Kf1 Qf5 31.Qd4 Qxh3+ 32.Ke1 Qh1+ 0-1

[Event "16th Capablanca Memorial group B"]
[Site "Cienfuegos CUB"]
[Date "1980.06.04"]
[Round "12"]
[White "Vilela de Acuna, Jose Luis"]
[Black "Diaz Diaz, Joaquin"]
[Result "1/2-1/2"]
[WhiteElo "2410"]
[BlackElo "2400"]
[EventDate "1980.05.20"]
[PlyCount "83"]

1.d4 d5 2.c4 e6 3.Nc3 c6 4.Nf3 Nf6 5.e3 Nbd7 6.Bd3 dxc4 7.Bxc4 b5 8.Be2 
Bb7 9.O-O a6 10.a3 c5 11.dxc5 Bxc5 12.b4 Be7 13.Qb3 O-O 14.Bb2 Qb8 15.Rfd1
Rc8 16.Nd4 Qe5 17.a4 bxa4 18.Rxa4 Bd8 19.Rda1 Rab8 20.Qd1 Nb6 21.Ra5 Nbd5 
22.Nxd5 Nxd5 23.R5a2 Qg5 24.Nf3 Qe7 25.Qd4 Qf8 26.b5 axb5 27.Bxb5 Bf6 28.
Ne5 Qb4 29.Bf1 Qxd4 30.Bxd4 Ra8 31.Ra7 Rxa7 32.Rxa7 Bxe5 33.Bxe5 Bc6 34.e4
Nf6 35.f3 Ne8 36.Kf2 Ra8 37.Rxa8 Bxa8 38.Bb5 Kf8 39.Bxe8 Kxe8 40.Bxg7 f5 
41.Ke3 Kf7 42.Bd4 1/2-1/2

[Event "16th Capablanca Memorial group B"]
[Site "Cienfuegos CUB"]
[Date "1980.06.04"]
[Round "12"]
[White "Zapata Ramirez, Alonso"]
[Black "Ftacnik, Lubomir"]
[Result "1/2-1/2"]
[WhiteElo "2410"]
[BlackElo "2470"]
[EventDate "1980.05.20"]
[PlyCount "25"]

1.e4 c5 2.Nf3 d6 3.d4 Nf6 4.dxc5 Qa5+ 5.Bd2 Qxc5 6.Nc3 e6 7.Bd3 a6 8.O-O 
Be7 9.Qe2 O-O 10.e5 dxe5 11.Qxe5 Nc6 12.Qxc5 Bxc5 13.a3 1/2-1/2

[Event "16th Capablanca Memorial group B"]
[Site "Cienfuegos CUB"]
[Date "1980.06.06"]
[Round "13"]
[White "Andres Mendez, Miguel"]
[Black "Estevez Morales, Guillermo"]
[Result "1/2-1/2"]
[WhiteElo "2345"]
[BlackElo "2390"]
[EventDate "1980.05.20"]
[PlyCount "59"]

1.c4 c5 2.Nc3 Nc6 3.g3 g6 4.Bg2 Bg7 5.e3 e6 6.Nge2 Nge7 7.O-O O-O 8.d4 d6 
9.b3 Nf5 10.dxc5 Qa5 11.Bd2 dxc5 12.Ne4 Qc7 13.Bc3 Ne5 14.Qc2 Bd7 15.Nf4 
Bc6 16.Nd3 Nxd3 17.Qxd3 Rad8 18.Qc2 e5 19.Rad1 a6 20.Rxd8 Rxd8 21.Rd1 b6 
22.Bb2 Ne7 23.Nc3 Rxd1+ 24.Qxd1 e4 25.Qd2 f5 26.Kf1 Qd7 27.Qxd7 Bxd7 28.f3
exf3 29.Bxf3 Bc6 30.Ke2 1/2-1/2

[Event "16th Capablanca Memorial group B"]
[Site "Cienfuegos CUB"]
[Date "1980.06.06"]
[Round "13"]
[White "Groszpeter, Attila"]
[Black "Ortega, Lexy"]
[Result "1/2-1/2"]
[WhiteElo "2480"]
[BlackElo "2380"]
[EventDate "1980.05.20"]
[PlyCount "66"]

1.b3 e5 2.Bb2 Nc6 3.c4 g6 4.g3 Bg7 5.Bg2 Nge7 6.e3 O-O 7.Ne2 d5 8.cxd5 
Nxd5 9.a3 Bg4 10.O-O Qd7 11.Re1 Rfe8 12.b4 Rad8 13.Qb3 e4 14.Bxg7 Kxg7 15.
Nbc3 Nf6 16.Rad1 Qf5 17.Qb1 Ne5 18.Nxe4 Nxe4 19.Bxe4 Nf3+ 20.Bxf3 Qxf3 21.
Qb2+ f6 22.Rc1 g5 23.Rxc7+ Kg6 24.Qc2+ Bf5 25.Qc4 Re6 26.Rg7+ Kxg7 27.Qc7+
Kg6 28.Qxd8 Be4 29.Qg8+ Kh6 30.Qf8+ Kg6 31.Qg8+ Kh6 32.Qf8+ Kg6 33.Qg8+ 
Kh6 1/2-1/2

[Event "16th Capablanca Memorial group B"]
[Site "Cienfuegos CUB"]
[Date "1980.06.06"]
[Round "13"]
[White "Nogueiras Santiago, Jesus"]
[Black "Armas, Jorge"]
[Result "1/2-1/2"]
[WhiteElo "2455"]
[BlackElo "2415"]
[EventDate "1980.05.20"]
[PlyCount "24"]

1.d4 d5 2.c4 e5 3.dxe5 dxc4 4.Qxd8+ Kxd8 5.Nc3 Be6 6.Nf3 Nc6 7.g3 Nge7 8.
Bf4 Ng6 9.O-O-O+ Ke8 10.Nb5 Rc8 11.Nfd4 Nxd4 12.Nxd4 Bd5 1/2-1/2

[Event "16th Capablanca Memorial group B"]
[Site "Cienfuegos CUB"]
[Date "1980.06.06"]
[Round "13"]
[White "Sisniega Campbell, Marcel"]
[Black "Remon Gay, Adelquis"]
[Result "0-1"]
[WhiteElo "2420"]
[BlackElo "2395"]
[EventDate "1980.05.20"]
[PlyCount "100"]

1.e4 c5 2.Nf3 Nc6 3.Bb5 e6 4.O-O Nge7 5.Re1 a6 6.Bxc6 Nxc6 7.d4 cxd4 8.
Nxd4 Be7 9.Nxc6 bxc6 10.Qg4 d6 11.Qxg7 Bf6 12.Qh6 Bb7 13.Nd2 Qe7 14.Nc4 
O-O-O 15.a4 Rhg8 16.Ra3 d5 17.Na5 Ba8 18.Rb3 Bd4 19.Qf4 Ba7 20.Rc3 c5 21.
b4 d4 22.Rc4 f5 23.Qe5 fxe4 24.bxc5 e3 25.c6 Rd5 26.Qe4 Rxa5 27.fxe3 Rag5 
28.exd4 Rxg2+ 29.Kh1 Qd6 30.Bf4 Qd5 31.Qxd5 exd5 32.Rb4 Bxc6 33.Bg3 R8xg3 
34.hxg3 Rxc2 35.Re7 a5 36.Rb3 Bxd4 37.Rf3 Rf2 38.Rd3 Bc5 39.Rxh7 d4+ 40.
Kg1 Rc2 41.Rh5 Bxa4 42.Rxc5+ Rxc5 43.Rxd4 Bb3 44.Kf2 a4 45.Rb4 Rc3 46.Ke2 
a3 47.Kd2 Rxg3 48.Rb5 a2 49.Rc5+ Kb7 50.Rc1 Kb6 0-1

[Event "16th Capablanca Memorial group B"]
[Site "Cienfuegos CUB"]
[Date "1980.06.06"]
[Round "13"]
[White "Vilela de Acuna, Jose Luis"]
[Black "Radulov, Ivan"]
[Result "1/2-1/2"]
[WhiteElo "2410"]
[BlackElo "2465"]
[EventDate "1980.05.20"]
[PlyCount "23"]

1.c4 Nf6 2.Nc3 e6 3.Nf3 d5 4.d4 Be7 5.Bf4 O-O 6.e3 b6 7.Bd3 Bb7 8.O-O c5 
9.Qe2 cxd4 10.Nxd4 Nc6 11.Nxc6 Bxc6 12.Rfd1 1/2-1/2